000 00634cam a2200145 4500500
005 20260208002353.0
041 _afre
042 _adc
100 1 0 _aKaplanian, Patrick
_eauthor
245 0 0 _aNiels Gutschow et al., eds, Sacred Landscape of the Himalaya, Actes du colloque tenu à Heidelberg, 25-27 mai 1998, Wien, Verlag der Österreichischen Akademie der Wissenschaften, 2003, 212 p., bibl., index, ill., cartes
260 _c2005.
500 _a15
786 0 _nL'Homme | 175-176 | 3 | 2005-07-01 | p. 475z-572z | 0439-4216
856 4 1 _uhttps://shs.cairn.info/revue-l-homme-2005-3-page-475z?lang=fr&redirect-ssocas=7080
999 _c1645995
_d1645995